| 000 | 00753nam a2200253Ia 4500 | ||
|---|---|---|---|
| 003 | OSt | ||
| 005 | 20220926000812.0 | ||
| 006 | a|||||r|||| 00| 0 | ||
| 007 | ta | ||
| 008 | 220923b |||||||| |||| 00| 0 eng d | ||
| 037 | _cGeneral Book | ||
| 040 |
_aRTL _cRTL _beng |
||
| 041 |
_2eng _aeng |
||
| 082 | _aY72:3(X:991).237.3C.N3, M6 | ||
| 100 |
_aSingh RS _9303014 |
||
| 245 | 0 | _aChanging occupational structure of scheduled tribe | |
| 260 |
_a New Delhi _bInter-India _c1986 |
||
| 300 |
_a291p _ccm. |
||
| 490 | _aTribal Studies of India Series.T 121 | ||
| 500 | _aBibiliogrpahy: P 278-86 | ||
| 650 |
_aTribes _940733 |
||
| 942 |
_hY72:3(X:991).237.3C.N3, M6 _cGB _2CC |
||
| 999 |
_c599774 _d599774 |
||